Janani K. Jha songs - Statistics

General Stats
  • This quiz has been taken 13 times
    11 since last reset
  • The average score is 13 of 21
Answer Stats
Hint Answer % Correct
"The legacies we leave behind us, they'll turn to gold they call us Midas" Gladiators
86%
"I won't play God...but maybe I'll play Dante" Hellbent
86%
"Make social calculations, know when you're supposed to cry" Machine Learning
86%
"I'm no hero babe, but I can take a punch" Thanatos
86%
"Pretty penny prize without a thought behind our eyes. Don't get a say, it's in our DNA" Golden Age
71%
"For each new year, she would shed a tear. No more birthday celebrations" Ms Protagonist
71%
"But, boy can the girl write a fucking song" Nike
71%
"When all I see's a rubbled dawn, or I must cross the Rubicon" Rome (Outro)
71%
"So like Dionysus, I go mad but still I fall, I fall, I fall" The Maze
71%
"You're not the first to see my kingdom and say it's yours to take" The Siege
71%
"You said you wanted me no strings attached, I guess I have the Fates to thank for that" Achilles Heel
57%
"Had the vultures circling, I thought at first they were worshipping" Cut the Cord
57%
"Turns out I was no protagonist, boys weren't a fan of this" Library Card
57%
"Listen to me sing a little longer, soon the darkness comes with all the monsters" Polyxena
57%
"So give me a pen and I can pretend that we're writing our future instead of playing all these games" Sunday Crossword
57%
"I've built my life around the thought of landmines in the ground" Two Roads
57%
"Everything I do, I do it for you. You gave it all up so I don't have to" Prophecies
43%
"So used to leaving teardrops on the pages, writing it all off" Slow Burn
43%
"My Gemini, with gems in his eyes, lust in my mind" The Judgement (I Think Too Much)
43%
"The past is a present, the future is pretend, and the present is a pastor trying to make it all make sense" Three Specters
43%
"It's that the you I knew would have fixed this, but you didn't (but you didn't)" Weird Hills
43%
No matching quizzes found
Score Distribution
Percent of People with Each Score
Percentile by Number Answered
Your Score History
You have not taken this quiz since the last reset